V Tatrách si mädlia ruky, zima bola super! hodnotenie sezóny: Lyžiarov prišlo o 20% viac ako vlani. Vracajú sa Rusi, najmenšie veľhory objavujú Ázijci

Bibliographic Details
Main Author: Bielený, Branislav (Author)
Format: Article
Language:Slovak
PhysicalDescription:Fotogr., tab.,
ISSN:1335-4655
Subjects:

MARC

LEADER 00000nab a2200000 ar4500
001 vtls010289164
003 SK-MaSNL
005 20260309141430.0
008 180907c20110527xo mr|p|||||||000 b|slo
038 |a SNSK 
040 |b slo  |c SNSK  |e AACR2 
041 |a slo 
044 |a xo  |c SK 
080 |a 338.48-31  |x (234.372.4)  |x "2010/2011"  |2 2001 
080 |a «324»  |x "2010/2011"  |2 2001 
080 |a 796.92  |x (234.372.4)  |x "2010/2011"  |2 2001 
100 1 |a Bielený, Branislav  |4 aut  |9 1032111 
245 1 0 |a V Tatrách si mädlia ruky, zima bola super!  |b hodnotenie sezóny: Lyžiarov prišlo o 20% viac ako vlani. Vracajú sa Rusi, najmenšie veľhory objavujú Ázijci  |c Branislav Bielený 
300 |b Fotogr., tab., 
648 7 |a 2010-2011  |2 snsk  |9 411196 
650 0 7 |a zimná sezóna  |2 snsk  |9 1093167 
650 0 7 |a návštevnosť  |2 snsk  |9 508914 
650 0 7 |a lyžovanie  |2 snsk  |9 3256 
651 7 |a Vysoké Tatry (Poľsko a Slovensko : pohorie)  |2 SNKPHgeo  |9 67729 
651 7 |a Poprad (Slovensko : okres)  |2 snsk  |9 28675 
773 0 |t Nový Čas  |g Roč. 21, č. 122 (27.5.2011), s. 8-9  |x 1335-4655 
852 |a SNSK  |b KIS3GCP 
999 |c 3362012  |d 3363942